00766nam a2200169Ia 4500001001000000003000500010008004100015010001100056040000900067100003300076245016800109260003500277300001000312502010900322650011200431710005300543Para_2559CHAP220125s1991 xx 000 0 und d a201131 cCHAP aNava Sánchez, Miguel Angel aDiagnóstico fitosanitario de trigo (Triticum sativum L.) sembrado bajo labranza de conservación en Valle de Santiago, Gto. /c por Miguel Angel Nava Sánchez aChapingo, Méx. :b El autor a93 h. aTesis (Ing. Agr. Esp. en Parasitología Agrícola) -- UACh. Departamento de Parasitología Agrícola aTrigo x Guanajuato Trigo x Malas hierbas x Control Trigo x Enfermedades Labranza x Efecto en suelos aUACh. Departamento de Parasitología Agrícola